Année de sortie film français - partie 5 - Statistiques

Statistiques générales
  • Ce quiz a été pris 11 fois
  • Le résultat moyen est 6 sur 10
Statistiques - réponses
Hint Réponse % Correct
sorti le 31 mai 1995 La haine (Mathieu Kassovitz)
90%
sorti le 12 octobre 2011 The artist (Michel Hazanavicius)
90%
sorti le 13 décembre 1971 La folie des grandeurs (Gérard Oury)
80%
sorti le 26 mars 2003 Effroyables jardins (Jean Becker)
60%
sorti le 27 août 1986 Jean de Florette (Claude Berri)
60%
sorti le 17 septembre 1980 Le dernier métro (François Truffaut)
60%
sorti le 9 juin 1939 Le jour se lève (Marcel Carné)
50%
sorti le 17 mars 1954 Touchez pas au grisbi (Jacques Becker)
50%
sorti le 3 octobre 1947 Quai des orfèvres (Henri-Georges Clouzot)
40%
sorti le 10 mai 1961 Un taxi pour Tobrouk (Denys de la Patellière)
20%
Aucun quiz correspondant
Distribution des résultats
% des personnes avec chaque résultat
Percentile par nombre de réponses
Votre historique - résultats
Vous n’avez pas pris ce quiz